书目信息 |
| 题名: |
帮你挑户型
|
|
| 作者: | 李小宁 著 | |
| 分册: | 杂说户型卷 | |
| 出版信息: | 北京 中国电力出版社 2007.02 |
|
| 页数: | 253页 | |
| 开本: | 22cm | |
| 丛书名: | ||
| 单 册: | ||
| 中图分类: | TU241 | |
| 科图分类: | ||
| 主题词: | 住宅--zhu zhai--建筑设计 | |
| 电子资源: | ||
| ISBN: | 978-7-5083-5108-7 | |
| 000 | 00772nam0 2200229 450 | |
| 001 | 012007796234 | |
| 005 | 20070929113520.79 | |
| 010 | @a978-7-5083-5108-7@b精装@dCNY49.80 | |
| 100 | @a20070726d2007 km y0chiy0120 ea | |
| 101 | 0 | @achi |
| 102 | @aCN@b110000 | |
| 105 | @aa z 000yy | |
| 200 | 1 | @a帮你挑户型@Abang ni tiao hu xing@i杂说户型卷@f李小宁著@Fli xiao ning zhu |
| 210 | @a北京@c中国电力出版社@d2007.02 | |
| 215 | @a253页@c图@d22cm | |
| 330 | @a本书从地段、价格、环境、配套等各个方面介绍挑选户型应注意的问题,图文对照,帮助购房人等读者了解各种户型的优缺点等。 | |
| 517 | 1 | @a杂说户型卷@Aza shuo hu xing juan |
| 606 | 0 | @a住宅@Azhu zhai@x建筑设计 |
| 690 | @aTU241@v4 | |
| 701 | 0 | @a李小宁@Ali xiao ning@4著 |
| 801 | 0 | @aCN@c20070929 |
| 905 | @dTU241@eL294 | |
| 帮你挑户型.杂说户型卷/李小宁著.-北京:中国电力出版社,2007.02 |
| 253页:图;22cm |
| ISBN 978-7-5083-5108-7(精装):CNY49.80 |
| 本书从地段、价格、环境、配套等各个方面介绍挑选户型应注意的问题,图文对照,帮助购房人等读者了解各种户型的优缺点等。 |
| ● |
| 相关链接 |
|
|
|
正题名:帮你挑户型
索取号:TU241/L294
 
预约/预借
| 序号 | 登录号 | 条形码 | 馆藏地/架位号 | 状态 | 备注 |
| 1 | 249403 | 202494032 | 建筑库101/101建筑库 58排5列1层/ [索取号:TU241/L294] | 在馆 | |
| 2 | 249405 | 202494050 | 建筑库101/101建筑库 58排5列1层/ [索取号:TU241/L294] | 在馆 |